[Event "CalChess Masters op"]
[Site "San Francisco"]
[Date "2007.09.30"]
[Round "4"]
[White "Zierk, Steven C"]
[Black "Schwarz, Daniel W"]
[Result "0-1"]
[WhiteElo "2040"]
[BlackElo "2250"]
[PlyCount "80"]
[EventDate "2007.09.29"]
[EventType "swiss"]
[EventRounds "4"]
[EventCountry "USA"]
[SourceTitle "EXT 2008"]
[Source "ChessBase"]
[SourceDate "2007.11.25"]
[SourceVersion "1"]
[SourceVersionDate "2007.11.25"]
[SourceQuality "1"]

1. e4 c5 2. Nf3 d6 3. Bc4 Nc6 4. Nc3 g6 5. d4 cxd4 6. Nxd4 Bg7 7. Be3 Nf6 8. f3 0-0 9. Qd2 Nd7 10. Nxc6 bxc6 11. Bh6 Nb6 12. Bb3 a5 13. Na4 Nxa4 14. Bxg7 Kxg7 15. Bxa4 c5 16. 0-0 f6 17. c3 Qb6 18. Rfb1 Be6 19. b3 Rfb8 20. Qe3 Bf7 21. a3 Ra7 22. f4 e5 23. fxe5 dxe5 24. c4 Rd8 25. Rd1 Raa8 26. Bb5 Qc7 27. Qh3 Rd4 28. Qc3 Rad8 29. Rxd4 Rxd4 30. Re1 Be6 31. Kf1 Bc8 32. Re3 Bb7 33. Qc2 Qd8 34. Ke2 Qa8 35. Qc3 Bxe4 36. b4 axb4 37. Qb2 Bc2 38. Kf1 Rd1+ 39. Re1 Rxe1+ 40. Kxe1 bxa3 0-1

[Event "Western States op"]
[Site "Reno"]
[Date "2006.10.06"]
[Round "1"]
[White "Schwarz, Daniel W"]
[Black "Perelshteyn, Eugene"]
[Result "0-1"]
[WhiteElo "2216"]
[BlackElo "2601"]
[PlyCount "188"]
[EventDate "2006.10.07"]
[EventType "swiss"]
[EventRounds "6"]
[EventCountry "USA"]
[SourceTitle "EXT 2009"]
[Source "ChessBase"]
[SourceDate "2008.11.26"]
[SourceVersion "1"]
[SourceVersionDate "2008.11.26"]
[SourceQuality "1"]

1. e4 c5 2. Nf3 g6 3. d4 cxd4 4. Nxd4 Nc6 5. c4 Nf6 6. Nc3 d6 7. Be2 Nxd4 8. Qxd4 Bg7 9. Be3 0-0 10. Qd2 Be6 11. 0-0 Qa5 12. Rfc1 Rfc8 13. b3 a6 14. Rab1 Qd8 15. f3 Qf8 16. a4 Nd7 17. Nd5 Bxd5 18. Qxd5 Rc7 19. a5 Bh6 20. Qd2 Bxe3+ 21. Qxe3 Rb8 22. b4 b6 23. c5 bxc5 24. Bxa6 Qd8 25. bxc5 Rxc5 26. Rxb8 Qxb8 27. Rxc5 Nxc5 28. Bf1 Qa7 29. a6 Kf8 30. Qh6+ Ke8 31. Bb5+ Nd7+ 32. Kf1 Qb6 33. Bxd7+ Kxd7 34. Qxh7 Qxa6+ 35. Kf2 Qa2+ 36. Kg3 Qe6 37. Qg7 f5 38. exf5 Qxf5 39. Qd4 e5 40. Qg4 Qxg4+ 41. fxg4 Ke6 42. Kf3 g5 43. g3 Kd5 44. Ke3 e4 45. h4 Ke5 46. h5 d5 47. Ke2 d4 48. Kd2 Kf6 49. Ke2 e3 50. Kf3 Ke5 51. Ke2 Ke4 52. h6 d3+ 53. Ke1 Kf3 54. h7 d2+ 55. Kd1 Kf2 56. h8Q e2+ 57. Kxd2 e1Q+ 58. Kc2 Kxg3 59. Kd3 Qd1+ 60. Ke4 Qxg4+ 61. Ke5 Qf4+ 62. Ke6 Qe4+ 63. Kd7 Qd3+ 64. Ke6 g4 65. Qb8+ Kf3 66. Qf8+ Kg2 67. Qa8+ Qf3 68. Qa2+ Kf1 69. Kd7 Qd3+ 70. Kc7 g3 71. Qa1+ Kf2 72. Qf6+ Ke1 73. Qe5+ Kd1 74. Qh5+ Kd2 75. Qg5+ Qe3 76. Qd5+ Ke1 77. Qa5+ Kf1 78. Qa1+ Ke2 79. Qa2+ Kf3 80. Qa8+ Kg4 81. Qc8+ Kf3 82. Qa8+ Qe4 83. Qa3+ Kg4 84. Qa1 g2 85. Qg7+ Kf3 86. Qc3+ Qe3 87. Qc6+ Kg3 88. Qg6+ Kh2 89. Qh7+ Qh3 90. Qc2 Qh4 91. Kb8 Qf4+ 92. Kc8 Qd4 93. Qh7+ Kg3 94. Qc7+ Kg4 0-1

[Event "US Open-107"]
[Site "Chicago"]
[Date "2006.08.08"]
[Round "4"]
[White "Schwarz, Daniel W"]
[Black "Izoria, Zviad"]
[Result "0-1"]
[WhiteElo "2196"]
[BlackElo "2660"]
[PlyCount "80"]
[EventDate "2006.08.05"]
[EventType "swiss"]
[EventRounds "9"]
[EventCountry "USA"]
[SourceTitle "CBM 113 Extra"]
[Source "ChessBase"]
[SourceDate "2006.09.14"]
[SourceVersion "1"]
[SourceVersionDate "2006.09.14"]
[SourceQuality "1"]

1. e4 c5 2. Nc3 e6 3. g3 Nc6 4. Bg2 g6 5. d3 Bg7 6. Be3 d6 7. Qd2 Nd4 8. Nd1 Ne7 9. c3 Ndc6 10. Bh6 0-0 11. h4 f6 12. Bxg7 Kxg7 13. h5 g5 14. h6+ Kh8 15. f4 gxf4 16. gxf4 d5 17. Nf3 Ng6 18. Nf2 Qc7 19. f5 Nf4 20. Bf1 dxe4 21. Nxe4 exf5 22. Nxc5 b6 23. Nb3 Re8+ 24. Kd1 Nd5 25. Qh2 f4 26. Kd2 Bg4 27. Nfd4 Nxd4 28. Nxd4 Qe5 29. Nc2 Nxc3 30. bxc3 Rac8 31. c4 Qa5+ 32. Kc1 Re1+ 33. Nxe1 Qxe1+ 34. Kb2 Qb4+ 35. Kc2 Bf5 36. Kd1 Qc3 37. Qc2 Qxa1+ 38. Kd2 Re8 39. Bg2 Qd4 40. Bf1 f3 0-1

[Event "Western States op"]
[Site "Reno"]
[Date "2005.10.16"]
[Round "5"]
[White "Schwarz, Daniel W"]
[Black "Shivaji, Shivkuma"]
[Result "0-1"]
[WhiteElo "2153"]
[BlackElo "2324"]
[PlyCount "177"]
[EventDate "2005.10.14"]
[EventType "swiss"]
[EventRounds "6"]
[EventCountry "USA"]
[SourceTitle "EXT 2009"]
[Source "ChessBase"]
[SourceDate "2008.11.26"]
[SourceVersion "1"]
[SourceVersionDate "2008.11.26"]
[SourceQuality "1"]

1. e4 c5 2. Nc3 e6 3. g3 d5 4. exd5 exd5 5. d3 Nf6 6. Bg5 Be7 7. Bg2 0-0 8. Nge2 d4 9. Bxf6 Bxf6 10. Ne4 Be7 11. 0-0 Bd7 12. b4 cxb4 13. Nxd4 Nc6 14. Ne2 Rc8 15. a3 bxa3 16. c4 Be6 17. Nf4 Qd4 18. Nxe6 fxe6 19. Bh3 Kh8 20. Bxe6 Rcd8 21. Qh5 Qe5 22. Qxe5 Nxe5 23. Bd5 Nxd3 24. Bxb7 Nc5 25. Rxa3 Nxb7 26. Rxa7 Rd7 27. Rb1 Nc5 28. Rxd7 Nxd7 29. Rb7 Rd8 30. Kg2 Bf8 31. f4 Re8 32. Nd6 Bxd6 33. Rxd7 Bf8 34. Kf3 Rc8 35. Rd4 Bc5 36. Rd7 Kg8 37. h4 Re8 38. Rc7 Be7 39. Rd7 Bc5 40. Rc7 Bb6 41. Rb7 Re3+ 42. Kf2 Re6+ 43. Kf3 Re3+ 44. Kf2 Re6+ 45. Kf3 Rc6 46. h5 h6 47. g4 Ba5 48. Rb5 Bd2 49. Rd5 Bc3 50. g5 Rxc4 51. gxh6 gxh6 52. Rd6 Kg7 53. Rd7+ Kf8 54. Rd6 Bg7 55. Ra6 Kg8 56. Ra8+ Kh7 57. Ra7 Kg8 58. Ra8+ Bf8 59. Kg4 Kf7 60. Ra6 Rb4 61. Rg6 Rd4 62. Kf3 Rd1 63. Kg4 Rg1+ 64. Kf5 Rh1 65. Kg4 Bg7 66. Ra6 Bf6 67. Ra5 Be7 68. Rf5+ Ke6 69. Re5+ Kf6 70. Rf5+ Kg7 71. Ra5 Rf1 72. Ra6 Rh1 73. Ra5 Bd6 74. Ra6 Rd1 75. Kf5 Rd4 76. Ke6 Bb8 77. Ra8 Rd6+ 78. Ke7 Rb6 79. f5 Bd6+ 80. Ke6 Bf4+ 81. Kd5 Kf6 82. Rf8+ Kg5 83. Ke4 Rb4+ 84. Kf3 Kxh5 85. Rg8 Bg5 86. Rf8 Rb3+ 87. Ke4 Kg4 88. f6 Rf3 89. Ke5 0-1

[Event "San Francisco Bernardo Smith Memorial"]
[Site "San Francisco"]
[Date "2005.08.20"]
[Round "2"]
[White "Pruess, David"]
[Black "Schwarz, Daniel W"]
[Result "1-0"]
[WhiteElo "2429"]
[BlackElo "2158"]
[PlyCount "31"]
[EventDate "2005.08.20"]
[EventType "swiss"]
[EventRounds "6"]
[EventCountry "USA"]
[SourceTitle "EXT 2007"]
[Source "ChessBase"]
[SourceDate "2006.11.23"]
[SourceVersion "1"]
[SourceVersionDate "2006.11.23"]
[SourceQuality "1"]

1. d4 f5 2. Nc3 d5 3. Bg5 h6 4. Bf4 Nf6 5. Nf3 e6 6. e3 Bd6 7. Ne5 0-0 8. g4 Bxe5 9. dxe5 Ne4 10. Nxe4 fxe4 11. h4 g5 12. hxg5 hxg5 13. Bg3 Nc6 14. Qd2 Bd7 15. f4 exf3 16. Qh2 1-0

[Event "San Francisco Bernardo Smith Memorial"]
[Site "San Francisco"]
[Date "2005.08.20"]
[Round "1"]
[White "Schwarz, Daniel W"]
[Black "Oza, Nikunj"]
[Result "1-0"]
[WhiteElo "2158"]
[BlackElo "1856"]
[PlyCount "75"]
[EventDate "2005.08.20"]
[EventType "swiss"]
[EventRounds "6"]
[EventCountry "USA"]
[SourceTitle "EXT 2007"]
[Source "ChessBase"]
[SourceDate "2006.11.23"]
[SourceVersion "1"]
[SourceVersionDate "2006.11.23"]
[SourceQuality "1"]

1. e4 e5 2. Nf3 Nf6 3. Nxe5 d6 4. Nf3 Nxe4 5. d4 d5 6. Bd3 Nc6 7. 0-0 Bg4 8. Re1 Be7 9. c4 Nf6 10. Be3 0-0 11. Nbd2 Nb4 12. Be2 Bf5 13. Ne5 Nc2 14. g4 Nxe1 15. gxf5 Qc8 16. Qxe1 Qxf5 17. Bd3 Qh5 18. Qe2 Qxe2 19. Bxe2 dxc4 20. Bxc4 Rad8 21. Rc1 c6 22. Nb1 Nd5 23. Nc3 Nb6 24. Bb3 Bf6 25. Rd1 g6 26. Ne4 Bxe5 27. dxe5 Rxd1+ 28. Bxd1 Nc4 29. Bc5 Rd8 30. Bb3 Nxe5 31. Kf1 b6 32. Be7 Rd4 33. Nf6+ Kg7 34. Ne8+ Kg8 35. Bf6 Rd7 36. Bxe5 Re7 37. Nf6+ Kg7 38. Bc3 1-0